| 000 | 00890nam a2200253 i 4500 | ||
|---|---|---|---|
| 003 | DO-SdBNP | ||
| 005 | 20240318103128.0 | ||
| 006 | a||||gr|||| 00| 0 | ||
| 007 | ta | ||
| 008 | 230817n200? |||||||| |||| 00| 0 spa d | ||
| 040 |
_aDO-SdBNP _bspa _cBNPHU _erda |
||
| 082 | 1 |
_222 _bR595a |
|
| 100 | 1 |
_aRisco Bermúdez, René del, _d1937-1972 _912315 _eautor |
|
| 245 |
_aAhora que vuelvo, Ton. / _cRené del Risco Bermúdez; portada y diseño interior, Santiago Rivera. |
||
| 264 |
_aSanto Domingo : _bAlas, _c[200?] |
||
| 300 |
_a18 páginas ; _c15 cm. |
||
| 336 |
_2rda content _atexto _btxt |
||
| 337 |
_2rdamedia _asin mediación _bn |
||
| 338 |
_2rdacarrier _avolumen _bnc |
||
| 500 | _a20 Feria Internacional del Libro Santo Domingo 2017 dedicada a René del Risco Bermúdez. | ||
| 590 | _aInventariado 2023 / MF | ||
| 700 | 1 |
_aRivera , Santiago, _977681 _efoto portada |
|
| 942 |
_2ddc _cLF2 |
||
| 999 |
_c54452 _d54452 |
||